000 00626nam a2200205Ia 4500
005 20260429112022.0
008 260429s9999||||xx |||||||||||||| ||und||
020 _a9781032749471
041 _aEnglish
082 _a332.632
_bMAR
100 _aMarszk, Adam
245 0 _aSustainable investing through exchange-traded products :
_bexchange-traded funds and exchange-traded notes /
_cAdam Marszk
250 _a1st ed.
260 _aNew York :
_bRoutledge,
_c2026.
300 _avii, 100 p.; hb
650 _a Exchange-traded funds
650 _a Sustainable investing
650 _aInvestment management
942 _cTB
999 _c51918
_d51918